|
|
|
|
| LEADER |
01323nam a2200313 a 4500 |
| 001 |
2999 |
| 003 |
BD-DhAAL |
| 005 |
20150308112626.0 |
| 008 |
150308s1995 nyua b 001 0 eng |
| 010 |
|
|
|a 94035220
|
| 020 |
|
|
|a 0442019033
|
| 040 |
|
|
|a DLC
|c DLC
|d DLC
|d BD-DhAAL
|
| 050 |
0 |
0 |
|a HD41
|b .G65 1995
|
| 082 |
0 |
0 |
|a 658.8/12
|2 20
|
| 100 |
1 |
|
|a Goldman, Steven L.,
|d 1941-
|9 9195
|
| 245 |
1 |
0 |
|a Agile competitors and virtual organizations :
|b strategies for enriching the customer /
|c Steven L. Goldman, Roger N. Nagel, Kenneth Preiss.
|
| 260 |
|
|
|a New York :
|b Van Nostrand Reinhold,
|c c1995.
|
| 300 |
|
|
|a xxix, 414 p. :
|b ill. ;
|c 24 cm.
|
| 504 |
|
|
|a Includes bibliographical references (p. 399-402) and index.
|
| 541 |
|
|
|e 2999
|
| 650 |
|
0 |
|a Competition.
|9 9196
|
| 650 |
|
0 |
|a Organizational change.
|9 9197
|
| 650 |
|
0 |
|a Customer services.
|9 7971
|
| 700 |
1 |
|
|a Nagel, Roger N.,
|d 1943-
|9 9198
|
| 700 |
1 |
|
|a Preiss, Kenneth.
|9 9199
|
| 942 |
|
|
|2 ddc
|c BK
|
| 999 |
|
|
|c 33921
|d 33921
|
| 952 |
|
|
|0 0
|1 0
|2 ddc
|4 0
|6 658_812000000000000_GOL
|7 0
|9 52945
|a SCL
|b SCL
|c GEN
|d 2015-03-08
|e Gift: The Asia Foundation
|l 0
|o 658.812 GOL
|p 3020002999
|r 2015-03-08
|t 1
|w 2015-03-08
|y BK
|
| 952 |
|
|
|0 0
|1 0
|2 ddc
|4 0
|6 658_812000000000000_GOL
|7 0
|9 52946
|a SCL
|b SCL
|c GEN
|d 2015-03-08
|e Gift: The Asia Foundation
|l 0
|o 658.812 GOL
|p 3020002962
|r 2015-03-08
|t 2
|w 2015-03-08
|y BK
|